Official EU languages (clickable) Quiz Stats

 Plays Quiz not verified by Sporcle

Challenge
Share
Tweet
Embed
Score 0/24 Timer 04:00
0 Plays Today
% Correct
German
99.5%
English
98.5%
French
98%
Dutch
96.6%
Danish
95.1%
Italian
95.1%
Greek
94.1%
Czech
93.6%
Hungarian
91.1%
Finnish
90.1%
Bulgarian
88.7%
Portuguese
88.7%
% Correct
Spanish
88.2%
Latvian
86.2%
Lithuanian
84.7%
Swedish
84.7%
Polish
83.7%
Estonian
83.3%
Croatian
80.8%
Romanian
80.3%
Slovak
80.3%
Irish
72.9%
Slovene
69.5%
Maltese
68%

You're not logged in!

Compare scores with friends on all Sporcle quizzes.
Join for Free
OR
Log In

You Might Also Like...

Show Comments

Extras

Top Quizzes Today


Score Distribution

Your Account Isn't Verified!

In order to create a playlist on Sporcle, you need to verify the email address you used during registration. Go to your Sporcle Settings to finish the process.

Report this User

Report this user for behavior that violates our Community Guidelines.

Details: